Offshore geotechnical engineering

Αποθηκεύτηκε σε:
Λεπτομέρειες βιβλιογραφικής εγγραφής
Κύριος συγγραφέας: Randolph, M. F. (Mark Felton)
Άλλοι συγγραφείς: Gourvenec, Susan
Μορφή: Βιβλίο
Γλώσσα:English
Δημοσίευση: London ; New York : Spon Press, 2011.
Θέματα:
Ετικέτες: Προσθήκη ετικέτας
Δεν υπάρχουν, Καταχωρήστε ετικέτα πρώτοι!

MARC

LEADER 00000nam a2200000 a 4500
001 1/107244
008 150706s2011####xxkd ||| |||| ||eng||
020 |a 9780415477444  
040 |a GR-MyUa  |b gre  |c GR-MyUa  |e AACR2 
041 0 |a eng 
082 7 |a 627.98   |2 (23)  
100 1 |a Randolph, M. F.   |q (Mark Felton). 
245 1 0 |a Offshore geotechnical engineering /   |c Mark Randolph and Susan Gourvenec ; with contributions from David White and Mark Cassidy.  
260 |a London ;   |a New York :   |b Spon Press,   |c 2011.  
300 |a xxx, 528 σ. :   |b πίν. ;   |c 26 εκ.  
504 |a Περιλαμβάνει βιβλιογραφία (σ. [484]-515) και ευρετήριο.  
650 0 |a Offshore geotechnique 
700 1 |a Gourvenec, Susan. 
852 |a INST  |b LESVOS  |c BK  |e 20150706  |h 627.98 RAN  |p 005100057020  |q 005100057020  |t BK  |y 0 
922 |a 1ΕΛΗ  |b 2015-04   |c Τμήμα Επιστημών της Θάλασσας   |d Διαδρομές  
970 |a Τζαφέρη   |b Ευαγγελία   |z 06-07-2015